000 01044nam a22002057a 4500
999 _c57363
_d57363
003 Ge_BSU
005 20200603131331.0
008 200603s2003 xxu||||| |||| 00| 0 geo d
041 _ageo
080 _a630.2(075.8) ჯ-26
100 _aჯაფარიძე, თენგიზ
_98289
245 _aმეტყევეობა :
_b სახელმძღვ. საქ. სახელმწ. აგრარ. უნ-ტის სატყეო-სამეურნეო ფაკ-ტის სტუდენტთათვის /
_cთენგიზ ჯაფარიძე ; რედ. გ. გიგაური.
264 _a[თბილისი] :
_bგანათლება,
_c2003.
300 _a297 გვ. :
_bნახ., ცხრ.
_c20 სმ.
504 _aბიბლიოგრ.: გვ. 293
653 _aმეტყევეობა
653 _aსატყეო მეურნეობა
700 _aგიგაური, გ
_eრედაქტორი
_94396
942 _2udc
_cBK